Culture Générale - Série 2278 - Statistiques

Statistiques générales
  • Ce quiz a été pris 126 fois
  • Le résultat moyen est 8 sur 10
Statistiques - réponses
Question Réponse % Correct
Qu'appelle-t-on le septième art ? cinéma
99%
Dans quel sport pratique-t-on le papillon ? natation
99%
À quel peintre associe-t-on l'œuvre "Guernica" ? prénom et nom - voir photo Pablo Picasso
95%
En quelle année s'est produit un grand "krach" économique aux États-Unis ? 1929
87%
Quelle couche de gaz nous protège des rayons nocifs du soleil ? ozone
86%
À qui doit-on l'idée d'évolution des espèces par sélection naturelle, en 1859 ? prénom et nom Charles Darwin
84%
Dans quel pays se trouve la montagne Kilimandjaro ? Tanzanie
73%
L' accord international de 1997 visant à la réduction des émissions de gaz à effet de serre s'appelle "le protocole de ... Kyoto
68%
De quelle année date le suffrage universel pour l'élection du Président de la République en France ? 1958
56%
Quelle ville d'Afrique accueille chaque année le Festival des musiques sacrées du monde ? Fès
4%
Aucun quiz correspondant
Distribution des résultats
% des personnes avec chaque résultat
Percentile par nombre de réponses
Votre historique - résultats
Vous n’avez pas pris ce quiz